WCDMA design handbook (Record no. 8388)
[ view plain ]
| 000 -LEADER | |
|---|---|
| fixed length control field | 00830 a2200205 4500 |
| 020 ## - INTERNATIONAL STANDARD BOOK NUMBER | |
| International Standard Book Number | 0521828155 |
| 040 ## - CATALOGING SOURCE | |
| Original cataloging agency | DLC |
| Language of cataloging | DLC |
| 082 00 - DEWEY DECIMAL CLASSIFICATION NUMBER | |
| Classification number | 621.3845 |
| 100 1# - MAIN ENTRY--PERSONAL NAME | |
| Personal name | Richardson, Andrew, |
| 245 10 - TITLE STATEMENT | |
| Title | WCDMA design handbook |
| Statement of responsibility, etc. | Andrew Richardson. |
| 260 ## - PUBLICATION, DISTRIBUTION, ETC. | |
| Place of publication, distribution, etc. | Cambridge ; |
| -- | New York : |
| Name of publisher, distributor, etc. | Cambridge Univeristy Press, |
| Date of publication, distribution, etc. | 2005. |
| 300 ## - PHYSICAL DESCRIPTION | |
| Extent | xxiv, 565 p. : |
| Other physical details | ill. ; |
| Dimensions | 25 cm. |
| 650 #0 - SUBJECT ADDED ENTRY--TOPICAL TERM | |
| Topical term or geographic name entry element | Code division multiple access |
| 650 #0 - SUBJECT ADDED ENTRY--TOPICAL TERM | |
| Topical term or geographic name entry element | Wireless communication systems |
| 650 #0 - SUBJECT ADDED ENTRY--TOPICAL TERM | |
| Topical term or geographic name entry element | Mobile communication systems |
| 856 42 - ELECTRONIC LOCATION AND ACCESS | |
| Materials specified | Publisher description |
| Uniform Resource Identifier | <a href="http://www.loc.gov/catdir/description/cam041/2003058670.html">http://www.loc.gov/catdir/description/cam041/2003058670.html</a> |
| 856 42 - ELECTRONIC LOCATION AND ACCESS | |
| Materials specified | Table of contents |
| Uniform Resource Identifier | <a href="http://www.loc.gov/catdir/toc/cam041/2003058670.html">http://www.loc.gov/catdir/toc/cam041/2003058670.html</a> |
| 856 42 - ELECTRONIC LOCATION AND ACCESS | |
| Materials specified | Contributor biographical information |
| Uniform Resource Identifier | <a href="http://www.loc.gov/catdir/enhancements/fy0732/2003058670-b.html">http://www.loc.gov/catdir/enhancements/fy0732/2003058670-b.html</a> |
| 942 ## - ADDED ENTRY ELEMENTS (KOHA) | |
| Koha item type | Book |
| Call number prefix | 621.3845 RIC |
| Source of classification or shelving scheme | |
| Withdrawn status | Lost status | Damaged status | Not for loan | Collection code | Permanent Location | Current Location | Shelving location | Date acquired | Source of acquisition | Cost, normal purchase price | Total Checkouts | Full call number | Barcode | Date last seen | Price effective from | Koha item type |
|---|---|---|---|---|---|---|---|---|---|---|---|---|---|---|---|---|
| Central Library (CL) | Central Library (CL) | General Stacks | 01/24/2007 | Saeed Book Bank | 572.35 | 621.3845 RIC | SEECS008031 | 11/14/2012 | 01/05/2017 | Book |
